| 000 | 00416nam a22001457a 4500 | ||
|---|---|---|---|
| 005 | 20150216143648.0 | ||
| 008 | 150216b xxu||||| |||| 00| 0 eng d | ||
| 040 | _cPK-LaUMT | ||
| 082 |
_aKHC 954.916 _bSAD-W |
||
| 100 | _aصدیق طاھر | ||
| 245 |
_aوادی ہاکڑہ اور اسکے آثار _cصدیق طاھر |
||
| 260 |
_aبھاولپور _bاردو اکیڈمی _c1986 |
||
| 300 | _a224 ص | ||
| 942 | _cBK | ||
| 999 |
_c66284 _d66284 |
||